[Event "AUT-ch U10 Girls"]
[Site "St Kanzian"]
[Date "2017.06.17"]
[Round "5.4"]
[White "Handrich, Carmina"]
[Black "Primus, Sarah"]
[Result "0-1"]
[WhiteElo "824"]
[BlackElo "1019"]
[PlyCount "78"]
[EventDate "2017.06.16"]
[EventType "swiss"]
[EventRounds "7"]
[EventCountry "AUT"]
[SourceTitle "EXT 2024"]
[Source "ChessBase"]
[SourceDate "2023.10.10"]
[SourceVersion "1"]
[SourceVersionDate "2023.10.10"]
[SourceQuality "1"]

1. e4 e5 2. Nf3 Nc6 3. d4 exd4 4. Nxd4 Bc5 5. Be3 Qf6 6. c3 d6 7. Bc4 Nge7 8. 0-0 Bd7 9. Nd2 0-0-0 10. N2b3 Be6 11. Bb5 Bd7 12. Nxc5 dxc5 13. Nxc6 Bxc6 14. Qg4+ Bd7 15. Bxd7+ Rxd7 16. Bxc5 h5 17. Qe2 h4 18. Bxe7 Qxe7 19. h3 g6 20. Rad1 f5 21. e5 Re8 22. Rxd7 Qxd7 23. Rd1 Qe6 24. c4 g5 25. Rd4 c5 26. Rd6 Qe7 27. Qd3 Qxe5 28. Qd2 Qe2 29. Qd5 Qe5 30. Qf7 Re7 31. Rd5 Qe1+ 32. Kh2 Rxf7 33. Rxc5+ Kd7 34. Rd5+ Ke6 35. Rb5 g4 36. Rxb7 Rxb7 37. c5 gxh3 38. g3 Qf1 39. c6 Qg2# 0-1

[Event "AUT-ch U10 Girls"]
[Site "St Kanzian"]
[Date "2017.06.17"]
[Round "4.5"]
[White "Primus, Sarah"]
[Black "Warmuth, Antonia"]
[Result "1-0"]
[WhiteElo "1019"]
[BlackElo "800"]
[PlyCount "37"]
[EventDate "2017.06.16"]
[EventType "swiss"]
[EventRounds "7"]
[EventCountry "AUT"]
[SourceTitle "EXT 2024"]
[Source "ChessBase"]
[SourceDate "2023.10.10"]
[SourceVersion "1"]
[SourceVersionDate "2023.10.10"]
[SourceQuality "1"]

1. e4 e5 2. Nf3 Nc6 3. Bc4 Nf6 4. d3 Be7 5. Qe2 0-0 6. c3 d6 7. Nbd2 Bg4 8. h3 Bxf3 9. Qxf3 h6 10. Nf1 Qd7 11. g4 Rad8 12. Ng3 d5 13. g5 dxe4 14. Nxe4 Nd5 15. gxh6 g6 16. Bxd5 Qxd5 17. Nf6+ Bxf6 18. Qxf6 Qd6 19. Qg7# 1-0